|
|
|
|
| LEADER |
01593nam a2200409Ia 4500 |
| 001 |
EBC515408 |
| 003 |
MiAaPQ |
| 005 |
20200520144314.0 |
| 006 |
m o d | |
| 007 |
cr cn||||||||| |
| 008 |
091001s2010 enka sb 001 0 eng d |
| 010 |
|
|
|z 2009039071
|
| 020 |
|
|
|z 9780415495950 (cloth : alk. paper)
|
| 020 |
|
|
|a 9780203855096 (electronic bk.)
|
| 035 |
|
|
|a (MiAaPQ)EBC515408
|
| 035 |
|
|
|a (Au-PeEL)EBL515408
|
| 035 |
|
|
|a (CaPaEBR)ebr10382522
|
| 035 |
|
|
|a (CaONFJC)MIL258964
|
| 035 |
|
|
|a (OCoLC)609863267
|
| 040 |
|
|
|a MiAaPQ
|c MiAaPQ
|d MiAaPQ
|
| 050 |
|
4 |
|a HF1583.4
|b .T624 2010
|
| 082 |
0 |
4 |
|a 330.9561
|2 22
|
| 100 |
1 |
|
|a Togan, Subidey.
|
| 245 |
1 |
0 |
|a Economic liberalization and Turkey
|h [electronic resource] /
|c S{diaer}ubidey Togan.
|
| 260 |
|
|
|a Abingdon, Oxon ;
|a New York, NY :
|b Routledge,
|c 2010.
|
| 300 |
|
|
|a xii, 322 p. :
|b ill.
|
| 490 |
1 |
|
|a The Routledge political economy of the Middle East and North Africa series ;
|v 7
|
| 504 |
|
|
|a Includes bibliographical references and index.
|
| 533 |
|
|
|a Electronic reproduction. Ann Arbor, MI : ProQuest, 2015. Available via World Wide Web. Access may be limited to ProQuest affiliated libraries.
|
| 650 |
|
0 |
|a Free trade
|z Turkey.
|
| 650 |
|
0 |
|a Trade regulation
|z Turkey.
|
| 651 |
|
0 |
|a Turkey
|x Commercial policy.
|
| 651 |
|
0 |
|a Turkey
|x Economic policy.
|
| 655 |
|
4 |
|a Electronic books.
|
| 710 |
2 |
|
|a ProQuest (Firm)
|
| 830 |
|
0 |
|a Routledge political economy of the Middle East and North Africa series ;
|v 7.
|
| 856 |
4 |
0 |
|u https://ebookcentral.proquest.com/lib/matrademy/detail.action?docID=515408
|z Click to View
|